00608nam a2200157 a 450000100100000000500170001000800410002704000250006810000390009324501200013226000460025230000210029804900090031995201050032899900170043300002760320200930030944.0110401s1983 dr 000 0 spa d aDO-SdBNPbspacBNPHU1 aRosa Martínez, Luis de la95469713aLa periferia del grito de Lares :bantología de documentos históricos(1861-1869) /cLuis de la Rosa Martínez. aSanto Domingo :bEditora Corripio,c1983. a173 P. ;c19 cm. aBNPD 0010718PDaPDbPDcCTd2011-04-01iLF1l0o p27603-10r2020-06-25w2020-06-25yLFPDZNo se presta c27095d27095